000 00585cam a2200193 a 4500
020 _a1890132314 (alk. paper)
040 _cDLC
082 0 0 _a631 GRA 1999 C074 Or.
100 1 _aGershuny, Grace.
245 1 4 _aThe soul of soil :
_ba soil-building guide for master gardeners and farmers /
250 _a4th ed.
260 _aWhite River Junction, Vt. :
_bChelsea Green Pub. Co.,
_cc1999.
300 _axvi, 173 p. :
_bill. ;
_c23 cm.
650 0 _aSoil management.
650 0 _aOrganic farming.
650 0 _aAgricultural ecology.
700 1 _aSmillie, Joseph.
942 _cAEDBB
999 _c22564
_d22564